Statistiken für Flaggen Europas Quiz

Klicken Sie hier um das Quiz zu spielen!

Allgemein

  • Dieses Quiz wurde 5,515 mal gespielt
  • Das Durchschnittsergebnis liegt bei 38 aus 45

Antwortstatistiken

Answer % Korrekt
Vereinigtes Königreich
99%
Deutschland
99%
Schweden
98%
Frankreich
98%
Spanien
98%
Griechenland
98%
Finnland
97%
Norwegen
97%
Italien
97%
Schweiz
96%
Portugal
95%
Belgien
95%
Dänemark
94%
Österreich
93%
Russland
93%
Niederlande
92%
Irland
92%
Polen
92%
Island
91%
Albanien
87%
Kroatien
86%
Tschechien
86%
Ukraine
85%
Vatikanstadt
82%
Nordmazedonien
81%
Rumänien
80%
Estland
80%
Lettland
79%
Ungarn
79%
Luxemburg
78%
Malta
77%
Slowakei
76%
Bulgarien
75%
Bosnien und Herzegowina
74%
Slowenien
73%
San Marino
73%
Serbien
71%
Kosovo
70%
Weißrussland
69%
Monaco
68%
Liechtenstein
65%
Litauen
65%
Andorra
62%
Moldawien
60%
Montenegro
60%

Verteilung der Resultate

Perzentil nach korrekt beantworteten Fragen

Anzahl Personen mit jedem Resultat

Ihre Resultats-Entwicklung

Sie haben dieses Quiz noch nicht gespielt